| 000 | 00810nam a2200301Ia 4500 | ||
|---|---|---|---|
| 003 | OSt | ||
| 005 | 20220912151142.0 | ||
| 006 | a|||||r|||| 00| 0 | ||
| 007 | ta | ||
| 008 | 220909b |||||||| |||| 00| 0 eng d | ||
| 020 | _a0195049357 (hbd) | ||
| 024 | _a10969 | ||
| 037 | _bDhanraj, | ||
| 037 | _cTextual | ||
| 040 |
_aCSL _beng _cCSL |
||
| 041 | _aeng | ||
| 082 | _aY7:(G:6), L1;M8;1 | ||
| 100 | _aLevitan Max | ||
| 245 | 0 | _aTextbook of human genetics | |
| 250 | _aEd 3 | ||
| 260 |
_aOxford _bOxford University Press _c1988 |
||
| 300 | _aviii, 475p | ||
| 500 | _aBibliographical references 422-433p; Index 434-475p | ||
| 650 | _a Human Genetics | ||
| 650 | _aAnthropology | ||
| 942 |
_hY7:(G:6), L1;M8;1 _cTEXL _2CC |
||
| 999 |
_c62368 _d62368 |
||